000 00602nam a2200205Ia 4500
005 20250326141946.0
008 250326s9999 xx 000 0 und d
020 _a92-2-106319-4
037 _aTextbook
040 _aFMSL
_beng
_cFMSL
041 _aeng
_2eng
084 _aXM M8
_qFMSL
100 _aInternational Labour Organisation
245 0 _aCo-operative management and administration
_cInternational Labour Organisation
250 _a2nd
260 _aGeneva
_bGeneva, International labour office
_c1988
300 _a267p
942 _cTB
_hXM M8
999 _c1292790
_d1292790